Guess the flags of the territories #1 - Statistics

General Stats
  • This quiz has been taken 11 times
  • The average score is 10 of 16
Answer Stats
Picture Answer % Correct
Hawaii
100%
Christmas Island
86%
Cocos (Keeling) Islands
71%
French Guiana
71%
French Polynesia
71%
New Caledonia
71%
Niue
71%
Anguilla
57%
Ascension
57%
South Georgia and the South Sandwich islands
57%
Tibet
57%
Tokelau
57%
Reunion
43%
Saint Pierre and Miquelon
43%
South Holland
29%
Krasnoyarsk
14%
No matching quizzes found
Score Distribution
Percent of People with Each Score
Percentile by Number Answered
Your Score History
You have not taken this quiz